00341nam a2200133Ia 4500003000400000008004100004040001600045082001300061100001900074245004000093260004400133300001000177650002000187GCL140319s9999 xx 000 0 eng d aGCL / cGCL04a952bI H1 aIENAGA, SABURO10aHISTORY OF JAPAN / cIENAGA, SABURO a[S.N] : bJAPAN TRAVEL BUREAU ، c1964 a262 P04aJAPAN - HISTORY